| 000 | 00565nam a22001817a 4500 | ||
|---|---|---|---|
| 999 |
_c13970 _d13970 |
||
| 008 | 160921b xxu||||| |||| 00| 0 eng d | ||
| 020 | _a0534380271 | ||
| 050 | _aQA 531 .S785 2003 | ||
| 100 | _aStewart, James. | ||
| 245 |
_aTrigonometry/ _cJames Stewart, Lothar Redlin & Saleem Watson. |
||
| 260 |
_aUnited Kingdom: _bThomson Brooks/Cole, _c2003. |
||
| 300 |
_axvi, 566 [61]p.: _bill.; [some col] _c20 cm. |
||
| 504 | _aIncludes index. | ||
| 650 | _aTrigonometry. | ||
| 700 | _aRedlin, Lothar. | ||
| 700 | _aWatson, Saleem. | ||
| 942 |
_2lcc _cBOOKS _hQA 531 .S785 2003 |
||